书目信息 |
| 题名: |
黄金的魔力
|
|
| 作者: | 佐拉克 , 菲利普斯 著 ;李静滢 , 乔新刚 译 | |
| 分册: | ||
| 出版信息: | 北京 中国友谊出版公司 2019 |
|
| 页数: | 258页 | |
| 开本: | 24cm | |
| 丛书名: | ||
| 单 册: | ||
| 中图分类: | F821.9 | |
| 科图分类: | ||
| 主题词: | 黄金(货币)--文化史--世界 | |
| 电子资源: | ||
| ISBN: | 978-7-5057-4530-8 | |
| 000 | 01777nam0 2200325 450 | |
| 001 | 2365014152 | |
| 005 | 20231203180448.24 | |
| 010 | @a978-7-5057-4530-8@dCNY98.00 | |
| 100 | @a20190508d2019 em y0chiy50 ea | |
| 101 | 1 | @achi@ceng |
| 102 | @aCN@b110000 | |
| 105 | @aa z 000yy | |
| 106 | @ar | |
| 200 | 1 | @a黄金的魔力@9huang jin de mo li@e一部金子的文化史@dGold nature and cultuer [i.e. culture]@f(美)瑞贝卡·佐拉克,(美)迈克尔·W.菲利普斯著@g李静滢,乔新刚译@zeng |
| 210 | @a北京@c中国友谊出版公司@d2019 | |
| 215 | @a258页@c图@d24cm | |
| 314 | @a瑞贝卡·佐拉克 (Rebacca Zorach),美国西北大学艺术史系玛乔·简·克罗讲席教授。另有著作《热烈的三角》、《血、牛奶、墨水和黄金》等。 | |
| 314 | @a迈克尔·W.菲利普斯 (Michael W.Phillips),著名电影制片人,代表作品包括《骗中骗》、《出租车司机》等。 | |
| 330 | @a《黄金的魔力:一部金子的文化史》一书由美国电影制片人迈克尔·W.菲利普斯(Michael W. Phillips)和作家瑞贝卡·佐拉克(Rebecca Zorach)共同创作,是追溯自然现象的历史意义和文化发展史的“地球”系列丛书之一,主要描写了人类扣人心弦的寻金史、黄金在历史上扮演的不同角色(作为饰品的黄金、用于宗教活动的黄金、用作货币的黄金、用作艺术材料的黄金),因追寻这种贵金属而引发的部族冲突、殖民统治、人口迁徙与贩卖、资源枯竭、环境恶化等问题,全书娓娓道来,发人深省,并配有100多幅精美的图画。 | |
| 510 | 1 | @aGold nature and cultuer@zeng |
| 510 | 1 | @aGold nature and culture@zeng |
| 517 | 1 | @a一部金子的文化史@9yi bu jin zi de wen hua shi |
| 606 | 0 | @a黄金(货币)@x文化史@y世界 |
| 690 | @aF821.9@v5 | |
| 701 | 0 | @c(美)@a佐拉克@9zuo la ke@f(Zorach, Rebacca)@4著 |
| 701 | 0 | @c(美)@a菲利普斯@9fei li pu si@c(Phillips, Michael W. )@4著 |
| 702 | 0 | @a李静滢@9li jing ying@4译 |
| 702 | 0 | @a乔新刚@9qiao xin gang@4译 |
| 801 | 0 | @aCN@b91MARC@c20190508 |
| 905 | @aBZT@dF821.9@e5 | |
| 黄金的魔力:一部金子的文化史=Gold nature and cultuer [i.e. culture]/(美)瑞贝卡·佐拉克,(美)迈克尔·W.菲利普斯著/李静滢,乔新刚译.-北京:中国友谊出版公司,2019 |
| 258页:图;24cm |
| ISBN 978-7-5057-4530-8:CNY98.00 |
| 《黄金的魔力:一部金子的文化史》一书由美国电影制片人迈克尔·W.菲利普斯(Michael W. Phillips)和作家瑞贝卡·佐拉克(Rebecca Zorach)共同创作,是追溯自然现象的历史意义和文化发展史的“地球”系列丛书之一,主要描写了人类扣人心弦的寻金史、黄金在历史上扮演的不同角色(作为饰品的黄金、用于宗教活动的黄金、用作货币的黄金、用作艺术材料的黄金),因追寻这种贵金属而引发的部族冲突、殖民统治、人口迁徙与贩卖、资源枯竭、环境恶化等问题,全书娓娓道来,发人深省,并配有100多幅精美的图画。 |
| ● |
| 相关链接 |
|
|
|
正题名:黄金的魔力
索取号:F821.9/5
 
预约/预借
| 序号 | 登录号 | 条形码 | 馆藏地/架位号 | 状态 | 备注 |
| 1 | 2001054199 | 2001054199 | 中教第一批/山东中教(第二批)/775/ [索取号:F821.9/5] | 在馆 | |
| 2 | 2001054200 | 2001054200 | 中教第一批/山东中教(第二批)/775/ [索取号:F821.9/5] | 在馆 | |
| 3 | 2001054201 | 2001054201 | 中教第一批/山东中教(第二批)/775/ [索取号:F821.9/5] | 在馆 | |
| 4 | 2001054202 | 2001054202 | 中教第一批/山东中教(第二批)/775/ [索取号:F821.9/5] | 在馆 | |
| 5 | 2001054203 | 2001054203 | 中教第一批/山东中教(第二批)/775/ [索取号:F821.9/5] | 在馆 | |
| 6 | 2001054204 | 2001054204 | 中教第一批/山东中教(第二批)/775/ [索取号:F821.9/5] | 在馆 |